00596cam a22001337a 4500008004000000082001500040100002500055245017100080260004000251300001000291650005600301999001900357952008600376180718b1960 xxu||||| |||| 00| 0 eng d aD49x5 M864 aMountbatten, Francis aReport to the combined chiefs of staff by the Supreme Allied Commander South-East Asia, 1943-1945, Vice-Admiral the Earl Mountabatten of Brumacby Francis Mountbatten aNew DelhibEnglish Book Storec1960 a280p. aWorld War, 1939-45 - Campaigns - Asia, South - East c374566d374566 00104070aIIPAbIIPAd1994-06-28oD49x5 M864p21785r2018-07-21w2018-07-21yBK